<?xml version="1.0" encoding="UTF-8"?>
<record
    xmlns:xsi="http://www.w3.org/2001/XMLSchema-instance"
    xsi:schemaLocation="http://www.loc.gov/MARC21/slim http://www.loc.gov/standards/marcxml/schema/MARC21slim.xsd"
    xmlns="http://www.loc.gov/MARC21/slim">

  <leader>03661nam a2200541Ia 4500</leader>
  <controlfield tag="001">6625</controlfield>
  <controlfield tag="008">241029s9999    xx            000 0 und d</controlfield>
  <datafield tag="010" ind1=" " ind2=" ">
    <subfield code="a">6251</subfield>
  </datafield>
  <datafield tag="041" ind1=" " ind2=" ">
    <subfield code="a">Espa&#xF1;ol</subfield>
  </datafield>
  <datafield tag="082" ind1=" " ind2=" ">
    <subfield code="a">TAE - 2017</subfield>
  </datafield>
  <datafield tag="245" ind1=" " ind2="0">
    <subfield code="a">La implementaci&#xF3;n de la TIC para mejorar el proceso ense&#xF1;anza aprendizaje en la Escuela Primaria de los Jovillos, Azua, R.D. A&#xF1;o 2017.</subfield>
  </datafield>
  <datafield tag="260" ind1=" " ind2=" ">
    <subfield code="a">Santo Domingo</subfield>
  </datafield>
  <datafield tag="300" ind1=" " ind2=" ">
    <subfield code="a">51</subfield>
  </datafield>
  <datafield tag="520" ind1=" " ind2=" ">
    <subfield code="a">67</subfield>
  </datafield>
  <datafield tag="630" ind1=" " ind2=" ">
    <subfield code="a">Ense&#xF1;anza-Aprendizaje</subfield>
  </datafield>
  <datafield tag="630" ind1=" " ind2=" ">
    <subfield code="a">Tecnolog&#xED;a de la Informaci&#xF3;n y Comunicaci&#xF3;n (TICs)</subfield>
  </datafield>
  <datafield tag="630" ind1=" " ind2=" ">
    <subfield code="a">Tecnolog&#xED;a Educativa</subfield>
  </datafield>
  <datafield tag="650" ind1=" " ind2=" ">
    <subfield code="a">Tecnolog&#xED;a de la Informaci&#xF3;n y de la Comunicaci&#xF3;n (TICs)</subfield>
  </datafield>
  <datafield tag="690" ind1=" " ind2=" ">
    <subfield code="a">Copiado sin cambios</subfield>
  </datafield>
  <datafield tag="700" ind1=" " ind2=" ">
    <subfield code="e">asesor</subfield>
    <subfield code="a"> Romo Uriarte, Jes&#xFA;s</subfield>
  </datafield>
  <datafield tag="700" ind1=" " ind2=" ">
    <subfield code="e">autor</subfield>
    <subfield code="a">S&#xE1;nchez Montero , Hern&#xE1;n</subfield>
  </datafield>
  <datafield tag="901" ind1=" " ind2=" ">
    <subfield code="a">{"1":"S&#xE1;nchez Montero "}</subfield>
    <subfield code="b">{"1":"Hern&#xE1;n"}</subfield>
  </datafield>
  <datafield tag="902" ind1=" " ind2=" ">
    <subfield code="a">1</subfield>
  </datafield>
  <datafield tag="903" ind1=" " ind2=" ">
    <subfield code="a">{"1":" Romo Uriarte"}</subfield>
    <subfield code="b">{"1":"Jes&#xFA;s"}</subfield>
  </datafield>
  <datafield tag="904" ind1=" " ind2=" ">
    <subfield code="a">M&#xE1;ster universitario oficial en</subfield>
  </datafield>
  <datafield tag="905" ind1=" " ind2=" ">
    <subfield code="a">Tecnolog&#xED;a aprendizaje y educaci&#xF3;n</subfield>
  </datafield>
  <datafield tag="906" ind1=" " ind2=" ">
    <subfield code="a">2</subfield>
  </datafield>
  <datafield tag="907" ind1=" " ind2=" ">
    <subfield code="a">NO APLICA</subfield>
  </datafield>
  <datafield tag="908" ind1=" " ind2=" ">
    <subfield code="a">NO APLICA</subfield>
  </datafield>
  <datafield tag="909" ind1=" " ind2=" ">
    <subfield code="a">Instituto Global de Altos Estudios en Ciencias Sociales (IGLOBAL)</subfield>
  </datafield>
  <datafield tag="910" ind1=" " ind2=" ">
    <subfield code="a">NULL</subfield>
    <subfield code="b">NULL</subfield>
  </datafield>
  <datafield tag="911" ind1=" " ind2=" ">
    <subfield code="a">["1"]</subfield>
  </datafield>
  <datafield tag="912" ind1=" " ind2=" ">
    <subfield code="a">Universidad del Pa&#xED;s Vasco/ Euskal Herriko Unibertsitatea (UPV/EHU) </subfield>
  </datafield>
  <datafield tag="913" ind1=" " ind2=" ">
    <subfield code="a">NULL</subfield>
  </datafield>
  <datafield tag="914" ind1=" " ind2=" ">
    <subfield code="a">01 de Enero de 2017</subfield>
  </datafield>
  <datafield tag="915" ind1=" " ind2=" ">
    <subfield code="a">01/11/19 01:11</subfield>
  </datafield>
  <datafield tag="916" ind1=" " ind2=" ">
    <subfield code="a">NULL</subfield>
  </datafield>
  <datafield tag="917" ind1=" " ind2=" ">
    <subfield code="a">NULL</subfield>
  </datafield>
  <datafield tag="918" ind1=" " ind2=" ">
    <subfield code="a">NO APLICA</subfield>
  </datafield>
  <datafield tag="919" ind1=" " ind2=" ">
    <subfield code="a">["89","296","191"]</subfield>
  </datafield>
  <datafield tag="520" ind1=" " ind2=" ">
    <subfield code="a">La investigaci&#xF3;n tiene como prop&#xF3;sito fundamental el analizar el impacto de la implementaci&#xF3;n de la TIC para mejorar el proceso ense&#xF1;anza aprendizaje en la Escuela Primaria Los Jovillos, el cual es operativo al orientarlo a las competencias docentes, la percepci&#xF3;n sobre el uso de las TIC, as&#xED; como las estrategias en la implementaci&#xF3;n y la incidencia de la misma en el proceso educativo.&#xA0;La metodolog&#xED;a empleada tiene un enfoque mixto, cualitativo-cuantitativo apoyado por el m&#xE9;todo inductivo-deductivo para obtener las informaciones que sustentan el estudio, auxiliado de la t&#xE9;cnica del cuestionario, en un estudio descriptivo, documental y de campo. La poblaci&#xF3;n para el trabajo est&#xE1; compuesta por el equipo de gesti&#xF3;n (Director, Sub-director, coordinador, orientadora), y los docentes que laboran en el centro. Los resultados m&#xE1;s relevantes plantean que los docentes tienen las competencias para seleccionar, utilizar de forma pertinente, responsable y eficiente una variedad de herramientas tecnol&#xF3;gica, poseen las competencias t&#xE9;cnicas que facilitan&#xA0; la integraci&#xF3;n de las TIC en el aula y como contribuci&#xF3;n a la adquisici&#xF3;n de competencias para su desarrollo profesional y tienen la capacidad para expresarse, establecer contacto y relacionarse en espacios virtuales y audiovisuales a trav&#xE9;s de diversos medios y utilizan herramientas TIC para la gesti&#xF3;n.&#xA0;Las TIC ayudan a mejorar los procesos de ense&#xF1;anza y aprendizaje y es &#xFA;til emplear esas herramientas para apoyar la docencia. El uso de las TIC en el proceso ense&#xF1;anza aprendizaje dan unos resultados favorables y los docentes las utilizan para apoyar el discurso, la explicaci&#xF3;n y las practicas, dar asesoramiento y acompa&#xF1;amiento y el uso de las redes sociales como mecanismo que facilita el proceso educativo. Su implementaci&#xF3;n desarrolla la posibilidad de ofrecer interacci&#xF3;n con la informaci&#xF3;n, y son un medio de apoyo para facilitar la ense&#xF1;anza y aprendizaje para lograr mayor asimilaci&#xF3;n de la informaci&#xF3;n por los estudiantes.&#xA0;</subfield>
  </datafield>
  <datafield tag="921" ind1=" " ind2=" ">
    <subfield code="a">63</subfield>
  </datafield>
  <datafield tag="922" ind1=" " ind2=" ">
    <subfield code="a">63</subfield>
  </datafield>
  <datafield tag="923" ind1=" " ind2=" ">
    <subfield code="a">1</subfield>
  </datafield>
  <datafield tag="924" ind1=" " ind2=" ">
    <subfield code="a">20191101032948</subfield>
  </datafield>
  <datafield tag="942" ind1=" " ind2=" ">
    <subfield code="c">Tesis</subfield>
  </datafield>
  <datafield tag="999" ind1=" " ind2=" ">
    <subfield code="c">6251</subfield>
    <subfield code="d">6251</subfield>
  </datafield>
</record>
